00531nam a2200157Ia 4500008004100000082001500041100001700056245004000073260004700113300000900160630001800169650004700187942000900234952011300243999001700356211109s9999||||xx |||||||||||||| ||und|| a516bBOY-B aBoyd, Paul B 0aBrief Course in Analytical Geometry bD.Van Nostrand Company Inc.aTorontoc1947 a180p xGeneral Stack aAnalytical GeometryvGeometryxMathematics cBOOK 00104070aSBCLbSBCLc2d2021-11-09g100.00l0o516 BOY-Bp00028850r2021-11-09 00:00:00w2021-11-09yBOOK c28023d28023